000 01128nam a2200265 a 4500
001 28524
003 BD-RjUL
005 20211209051308.0
008 140331s1990 nyu i100 0 eng
035 _a(BD-RjUL)28605
040 _aDLC
_cDLC
_dDLC
_dBD-RjUL
_beng
041 _aeng
082 0 0 _a327.174
_220
_bUND 1990
111 2 _aUnited Nations Regional Disarmament Workshop for Africa
_d(1989 :
_cLagos, Nigeria)
_987339
245 1 0 _aDisarmament :
_bAfrican security perceptions and requirements including related regional issues : disarmament fellowship, training, and advisory services programme /
_cUnited Nations Regional Disarmament Workshop for Africa, Lagos, Nigeria, 3-7 April, 1989.
260 _aNew York :
_bUnited Nations,
_c1990.
300 _aix, 118 p. ;
_c28 cm.
500 _aAt head of title: United Nations Department for Disarmament Affairs.
650 0 _aDisarmament
_xCongresses.
_987336
650 0 _aNational security
_zAfrica
_xCongresses.
_987337
710 1 _aUnited Nations.
_bDepartment for Disarmament Affairs.
_974925
942 _2ddc
_cBK
999 _c28524
_d28524